| 000 | 00418nam a2200181Ia 4500 | ||
|---|---|---|---|
| 001 | 11543 | ||
| 005 | 20260306162835.0 | ||
| 008 | 260306t1989||||xx |||||||||||||| ||spa|| | ||
| 041 | _aESP | ||
| 082 |
_a985.073 _bK84 |
||
| 100 |
_aKruijt, Dirk _eAUT |
||
| 245 | 0 | _aLa revolución por decreto | |
| 260 | _c1989 | ||
| 300 |
_a292 pƔginas : _c21 cm. |
||
| 650 | _aGEN | ||
| 654 | _aCHU | ||
| 942 |
_cLIB _dJUS _fJUS _2ddc _n |
||
| 999 |
_c11543 _d11543 |
||